Integrated Electronics (Record no. 5132)

MARC details
000 -LEADER
fixed length control field 00403nam a22001697a 4500
005 - DATE AND TIME OF LATEST TRANSACTION
control field 20160701171220.0
008 - FIXED-LENGTH DATA ELEMENTS--GENERAL INFORMATION
fixed length control field 160701b xxu||||| |||| 00| 0 eng d
020 ## - INTERNATIONAL STANDARD BOOK NUMBER
ISBN 978-0-07-015142-0
041 ## - LANGUAGE CODE
Language code of text/sound track or separate title eng
082 ## - DEWEY DECIMAL CLASSIFICATION NUMBER
Item number 20800
100 ## - MAIN ENTRY--AUTHOR NAME
Personal name Millman & other
245 ## - TITLE STATEMENT
Title Integrated Electronics
260 ## - PUBLICATION, DISTRIBUTION, ETC. (IMPRINT)
Name of publisher Mc graw hill
Year of publication 2013
300 ## - PHYSICAL DESCRIPTION
Number of Pages 843
650 ## - SUBJECT ADDED ENTRY--TOPICAL TERM
Topical Term Diploma Engineering
942 ## - ADDED ENTRY ELEMENTS (KOHA)
Koha item type Books
Holdings
Lost status Damaged status Collection code Home library Current library Shelving location Date acquired Cost, normal purchase price Full call number Accession Number Koha item type
    Reference JRU Library   SHELF-72-D 01/07/2016 640.00 20800 20800 Books
      JRU Library   SHELF-37-L 01/07/2016 640.00 20800 20801 Books
      JRU Library   SHELF-37-L 01/07/2016 640.00 20800 20802 Books
      JRU Library   SHELF-37-L 01/07/2016 640.00 20800 20803 Books
      JRU Library   SHELF-37-L 01/07/2016 640.00 20800 20804 Books
      JRU Library   SHELF-37-L 01/07/2016 640.00 20800 20805 Books
      JRU Library   SHELF-37-L 01/07/2016 640.00 20800 20806 Books